Kaedah pemelajaran koperatif sekolah rendah

Bibliographic Details
Main Author: Ismail Said
Format: Book
Published: Selangor : Karisma Publications Sdn Bhd , 2009
Subjects:

MARC

LEADER 00000cam a2200000 7i4500
001 0000035619
005 20130510.0
008 130510
020 |a 9831954331 
090 0 0 |a 371.102   |b ISM 
100 0 |a Ismail Said 
245 1 0 |a Kaedah pemelajaran koperatif sekolah rendah   |c Ismail Said 
260 |a Selangor :   |b Karisma Publications Sdn Bhd ,   |c 2009 
650 0 |a Education   |x Methodology 
650 0 |a Effective teaching 
999 |a 0001166815   |b Book   |c Adult Collection   |e Perbadanan Perpustakaan Awam Johor 
999 |a 0001166823   |b Book   |c Adult Collection   |e Cawangan Mersing 
999 |a 0001166824   |b Book   |c Adult Collection   |e Cawangan Bandar Tenggara 
999 |a 0001166828   |b Book   |c Adult Collection   |e Cawangan Tmn. Ungku Tun Aminah